MARC

LEADER 00000nam0a2200000 4500
001 92693
005 20231031104809.0
035 |a (RuTPU)RU\TPU\book\99298 
090 |a 92693 
100 |a 20060316d1949 m y0rusy50 ca 
101 0 |a rus 
102 |a RU 
105 |a a z 001zy 
200 1 |a Металлургия вольфрама и молибдена  |f А. Н. Зеликман 
210 |a Москва  |c Металлургиздат  |d 1949 
215 |a 246 с.  |c ил. 
320 |a Библиогр.: с. 242-246 
610 1 |a металлургия 
610 1 |a химические соединения 
610 1 |a металлы 
610 1 |a сплавы 
610 1 |a физико-химические свойства 
610 1 |a руды 
610 1 |a вольфрам 
610 1 |a молибден 
610 1 |a обогащение 
610 1 |a применение 
610 1 |a минералы 
610 1 |a концентраты 
610 1 |a ферросплавы 
610 1 |a ферровольфрам 
610 1 |a ферромолибден 
610 1 |a редкие металлы 
675 |a 669.27  |v 3 
700 1 |a Зеликман  |b А. Н. 
801 1 |a RU  |b 63413507  |c 20060316  |g PSBO 
801 2 |a RU  |b 63413507  |c 20060321  |g PSBO 
942 |c BK